header

Let right be done (Record no. 5954)

MARC details
000 -LEADER
fixed length control field 01881nam a2200445 a 4500
001 - CONTROL NUMBER
control field ebr10275463
003 - CONTROL NUMBER IDENTIFIER
control field CaPaEBR
006 - FIXED-LENGTH DATA ELEMENTS--ADDITIONAL MATERIAL CHARACTERISTICS--GENERAL INFORMATION
fixed length control field m u
007 - PHYSICAL DESCRIPTION FIXED FIELD--GENERAL INFORMATION
fixed length control field cr cn|||||||||
008 - FIXED-LENGTH DATA ELEMENTS--GENERAL INFORMATION
fixed length control field 080326s2007 bccab sb 001 0 eng
010 ## - LIBRARY OF CONGRESS CONTROL NUMBER
Canceled/invalid LC control number 2008371159
016 ## - NATIONAL BIBLIOGRAPHIC AGENCY CONTROL NUMBER
Canceled or invalid record control number 20079042813
020 ## - INTERNATIONAL STANDARD BOOK NUMBER
Cancelled/invalid ISBN 9780774814034
Cancelled/invalid ISBN 0774814039
040 ## - CATALOGING SOURCE
Original cataloging agency CaPaEBR
Transcribing agency CaPaEBR
035 ## - SYSTEM CONTROL NUMBER
System control number (OCoLC)646795976
043 ## - GEOGRAPHIC AREA CODE
Geographic area code n-cn---
050 14 - LIBRARY OF CONGRESS CALL NUMBER
Classification number KE7715
Item number .L48 2007eb
082 04 - DEWEY DECIMAL CLASSIFICATION NUMBER
Classification number 346.7104/3208997
Edition number 22
245 00 - TITLE STATEMENT
Title Let right be done
Medium [electronic resource] :
Remainder of title Aboriginal title, the Calder case, and the future of Indigenous rights /
Statement of responsibility, etc edited by Hamar Foster, Heather Raven, and Jeremy Webber.
260 ## - PUBLICATION, DISTRIBUTION, ETC. (IMPRINT)
Place of publication, distribution, etc Vancouver :
Name of publisher, distributor, etc UBC Press,
Date of publication, distribution, etc c2007.
300 ## - PHYSICAL DESCRIPTION
Extent viii, 337 p. :
Other physical details ill., map.
490 1# - SERIES STATEMENT
Series statement Law and society series
504 ## - BIBLIOGRAPHY, ETC. NOTE
Bibliography, etc Includes bibliographical references, bibliography (p. 298-321), and index.
533 ## - REPRODUCTION NOTE
Type of reproduction Electronic reproduction.
Place of reproduction Palo Alto, Calif. :
Agency responsible for reproduction ebrary,
Date of reproduction 2013.
Note about reproduction Available via World Wide Web.
-- Access may be limited to ebrary affiliated libraries.
600 10 - SUBJECT ADDED ENTRY--PERSONAL NAME
Personal name Calder, Frank
Form subdivision Trials, litigation, etc.
650 #0 - SUBJECT ADDED ENTRY--TOPICAL TERM
Topical term or geographic name as entry element Indians of North America
General subdivision Land tenure
Geographic subdivision Canada.
Topical term or geographic name as entry element Indians of North America
General subdivision Legal status, laws, etc.
Geographic subdivision Canada.
Topical term or geographic name as entry element Indians of North America
Geographic subdivision Canada
General subdivision Claims.
Topical term or geographic name as entry element Indigenous peoples
General subdivision Land tenure
Geographic subdivision Canada.
Topical term or geographic name as entry element Indigenous peoples
General subdivision Legal status, laws, etc.
Geographic subdivision Canada.
Topical term or geographic name as entry element Indigenous peoples
Geographic subdivision Canada
General subdivision Claims.
655 #7 - INDEX TERM--GENRE/FORM
Genre/form data or focus term Electronic books.
Source of term local
700 1# - ADDED ENTRY--PERSONAL NAME
Personal name Foster, Hamar,
Dates associated with a name 1948-
Personal name Webber, Jeremy H. A.,
Dates associated with a name 1958-
Personal name Raven, Heather,
Dates associated with a name 1948-
710 2# - ADDED ENTRY--CORPORATE NAME
Corporate name or jurisdiction name as entry element ebrary, Inc.
830 #0 - SERIES ADDED ENTRY--UNIFORM TITLE
Uniform title Law and society series (Vancouver, B.C.)
856 40 - ELECTRONIC LOCATION AND ACCESS
Uniform Resource Identifier <a href="http://site.ebrary.com/lib/rucke/Doc?id=10275463">http://site.ebrary.com/lib/rucke/Doc?id=10275463</a>
Public note An electronic book accessible through the World Wide Web; click to view

No items available.

© 2026 Rongo University
Contact us: librarian | system librarian | Rongo university